Responses for Show #2413 - Wednesday, February 15, 1995

1995 Teen Tournament semifinal game 3.

Contestants

[<< previous game]

Deborah Sager, a senior from Reston, Virginia

Sujit Raman, a junior from Houston, Texas

Mathew Sandler, a junior from Smithtown, New York

[next game >>]

Jeopardy! Round responses

MODERN U.S. HISTORY
CELEBRITY COUPLES
FINANCE
GEMS & JEWELRY
AROUND THE HOUSE
"X"s & "O"s
(Alex: The correct response for each clue will begin with either an "X" or an "O".)
    $100 6
the owl

Deborah
    $100 1
Nicole Kidman

Sujit
    $100 26
supply

Sujit
    $100 20
pearls

Deborah
    $100 16
a wok

Mathew
    $100 9
an ovation

Deborah
    $200 7
(Sujit: What's Philadelphia?)

San Francisco

Sujit
Triple Stumper
    $200 2
Annette Bening

Mathew
    $200 27
savings bonds

Triple Stumper
    $200 21
an emerald

Deborah
    $200 17
a leaf

Mathew
    $200 10
octagonal

Mathew
    $300 8
Airmail

Triple Stumper
    $300 3
Michelle Pfeiffer

Mathew
    $300 28
dividends

Mathew
    $300 22
turquoise

Deborah
    $300 18
lamps

Mathew
    $300 11
the xylem

Deborah
    $400 14
MacArthur

Sujit
    $400 4
Val Kilmer & Joanne Whalley-Kilmer

Triple Stumper
    $400 29
Chapter 11

Sujit
    $400 23
(Mathew: What are opals?)

rubies

MathewDeborah
    $400 19
a comforter

Deborah
    $400 12
xenon

Mathew
    $500 15
(Henry) Kissinger

Sujit
    $500 5
Jonathan Frakes

Deborah
    $500 30
the Securities and Exchange Commission

Deborah
    $500 24
[Applause for running the category]
(Alex: The young lady knows her GEMS & JEWELRY.)

amethyst

Deborah
    $500 25
andirons

Mathew
    $500 13
Xerxes

Deborah

Scores at the first commercial break (after clue 15):

Mathew Sujit Deborah
$1,100 $800 $1,500

Scores at the end of the Jeopardy! Round:

Mathew Sujit Deborah
$2,100 $1,300 $3,900

Double Jeopardy! Round responses

20th CENTURY WOMEN
WORLD CITIES
IN SEARCH OF ...
BUGS
NONFICTION
TOC LEFTOVERS
    $200 2
Margaret Thatcher

Mathew
    $200 1
Johannesburg

Deborah
    $200 21
(Amelia) Earhart

Sujit
    $200 26
ants

Deborah
    $200 16
Nixon

Deborah
    $200 3
a B.A.

Triple Stumper
    $400 9
Ann Richards

Mathew
    $400 13
Zurich

Mathew
    $400 22
(Mathew: What is "Livingstone, I presume?")

Dr. Livingstone, I presume?

MathewDeborah
    $400 27
yellowjackets

Mathew
    $400 17
Lewis & Clark

Deborah
    $400 4
whiskey

Mathew
    $600 10
Janet Reno

Mathew
    $600 14
(Mathew: What is Montreal?)

Quebec City

MathewDeborah
    $600 23
Buddha

Mathew
    $600 28
stinkbugs

Deborah
    $600 18
Sally Ride

Mathew
    $600 5
buoys

Triple Stumper
    $2,000 11
(Mathew: Who is Trotsky?)

Lenin

Mathew
    $800 8
(Sujit: What's the Netherlands?)

Belgium

SujitDeborah
    $800 24
Pluto

Deborah
    $800 29
fireflies

Deborah
    $800 19
Roget

Mathew
    $800 6
a tetrahedron

Triple Stumper
    $1000 12
(Mary) Leakey

Mathew
    $2,000 15
Monrovia

Deborah
    $1000 25
(Sujit: What's Cibola?)

El Dorado

Sujit
Triple Stumper
    $1000 30
(Mathew: What are cicadas?)

mayflies

MathewDeborah
    $1000 20
James Herriot

Triple Stumper
    $1000 7
Suleiman (the Magnificent)

Sujit

Scores at the end of the Double Jeopardy! Round:

Mathew Sujit Deborah
$3,500 $700 $11,900
(lock game)

[wagering suggestions for these scores]

Final Jeopardy! Round responses

COMPOSERS
(Alex: My musical knowledge is extremely limited, but I am informed that the flat looks like a small "B".)
SujitWho are Baroque?
$500
MathewWho are Bach, Brahms, & Beethoven
$3,500
DeborahWho are Bach, Beethoven and Brahms?
$0
Bach, Brahms & Beethoven (The Three Bs)

Final scores:

Mathew Sujit Deborah
$7,000 $200 $11,900
2nd place: $5,000 3rd place: $5,000 Finalist

Game dynamics:

Coryat scores:

Mathew Sujit Deborah
$5,500 $700 $10,900
19 R,
5 W
(including 1 DD)
7 R
(including 1 DD),
3 W
24 R
(including 1 DD),
0 W

Combined Coryat: $17,100

[game clues] [game scores] [suggest correction]

Game tape date: 1995-01-04
The J! Archive is created by fans, for fans. Scraping, republication, monetization, and malicious use prohibited; this site may use cookies and collect identifying information. See terms. The Jeopardy! game show and all elements thereof, including but not limited to copyright and trademark thereto, are the property of Jeopardy Productions, Inc. and are protected under law. This website is not affiliated with, sponsored by, or operated by Jeopardy Productions, Inc. Join the discussion at JBoard.tv.